Temas socio-jurídicos fundamentales /
Guardado en:
| Autor Principal: | |
|---|---|
| Otros Autores: | , |
| Formato: | Libro |
| Idioma: | Undetermined |
| Publicado: |
Ciudad Autónoma de Buenos Aires :
La Ley; Departamento de publicaciones UBA,
2020.
|
| Edición: | 1a. ed. |
| Series: | Colección Facultad de Derecho - Ciencias Sociales
|
| Materias: | |
| Etiquetas: |
Agregar Etiqueta
Sin Etiquetas, Sea el primero en etiquetar este registro!
|
| LEADER | 00950nam a22002535a 4500 | ||
|---|---|---|---|
| 001 | DER.der014932 | ||
| 008 | 231124s2020####xx############000#0#und#d | ||
| 005 | 20231227134625.0 | ||
| 245 | 1 | 0 | |a Temas socio-jurídicos fundamentales / |c Felipe Fucito, Enrique Zuleta Puceiro, Andrea L. Gastron. |
| 250 | |a 1a. ed. | ||
| 260 | |a Ciudad Autónoma de Buenos Aires : |b La Ley; Departamento de publicaciones UBA, |c 2020. | ||
| 300 | |a 239 p. | ||
| 020 | |a 9789870340256 | ||
| 100 | 1 | |a Fucito, Felipe, |e comp. | |
| 700 | 1 | |a Zuleta Puceiro, Enrique, |e comp. | |
| 700 | 1 | |a Gastron, Andrea L., |e comp. | |
| 830 | 0 | |a Colección Facultad de Derecho - Ciencias Sociales | |
| 650 | 7 | |a POLITICAS ECONOMICAS | |
| 650 | 7 | |a POLITICAS SOCIALES | |
| 650 | 7 | |a FORMACION DE ABOGADOS EN DERECHOS HUMANOS | |
| 650 | 7 | |a SOCIOLOGIA JURIDICA | |
| 650 | 7 | |a CONSTRUCCION DE LA IDENTIDAD DIGITAL | |
| 650 | 7 | |a DESAPARICION FORZADAS PERSONAS | |
| 859 | |a DERECHO |b BIB. DERECHO |h 340.11 |i FUC |p 0010267 | ||
